Macroeconomics (Record no. 5651)

MARC details
005 - DATE AND TIME OF LATEST TRANSACTION
control field 20250627171454.0
020 ## - INTERNATIONAL STANDARD BOOK NUMBER
International Standard Book Number 0-07-287758-8
082 ## - DEWEY DECIMAL CLASSIFICATION NUMBER
Classification number 339 DEL
100 ## - MAIN ENTRY--PERSONAL NAME
Author name DELONG, J. B.
245 ## - TITLE STATEMENT
Title Macroeconomics
250 ## - EDITION STATEMENT
Edition statement 2nd Ed.
260 ## - PUBLICATION, DISTRIBUTION, ETC.
Place of publication, distribution, etc. New York,
Name of publisher, distributor, etc. McGraw Hill,
Date of publication, distribution, etc. 2006
300 ## - PHYSICAL DESCRIPTION
Extent 555p.;
Other physical details Index
Dimensions 24cm
700 ## - ADDED ENTRY--PERSONAL NAME
Other authors/Editors ONLEY, M.
942 ## - ADDED ENTRY ELEMENTS (KOHA)
Source of classification or shelving scheme Dewey Decimal Classification
Koha item type Books
Holdings
Date last seen Total checkouts Full call number Barcode Cost, replacement price Price effective from Koha item type Lost status Source of classification or shelving scheme Damaged status Not for loan Withdrawn status Home library Current library Shelving location Date acquired Cost, normal purchase price
06/27/2025   339 DEL DOM0003472 180000.00 06/27/2025 Books   Dewey Decimal Classification       CBE Dodoma CBE Dodoma General Collection 05/12/2008 60000.00
06/27/2025   339 DEL DOM0002688 180000.00 06/27/2025 Books   Dewey Decimal Classification       CBE Dodoma CBE Dodoma General Collection 05/12/2025 60000.00